[Event "Hoogeveen Open"]
[Site "Hoogeveen, Netherlands"]
[Date "2018.10.25"]
[Round "7.34"]
[White "Jelic, Bruno"]
[Black "Emans, Job"]
[Result "1-0"]
[WhiteElo "2076"]
[BlackElo "1927"]

1. d4 {[%clk 01:30:48]} {[%emt 00:00:10]} Nf6 {[%clk 01:30:52]} {[%emt
00:00:09]} 2. c4 {[%clk 01:31:09]} {[%emt 00:00:09]} e6 {[%clk 01:31:14]}
{[%emt 00:00:08]} 3. Nf3 {[%clk 01:31:03]} {[%emt 00:00:35]} b6 {[%clk
01:31:31]} {[%emt 00:00:14]} 4. a3 {[%clk 01:30:49]} {[%emt 00:00:45]} Bb7
{[%clk 01:31:49]} {[%emt 00:00:12]} 5. Nc3 {[%clk 01:31:01]} {[%emt 00:00:17]}
d5 {[%clk 01:32:06]} {[%emt 00:00:12]} 6. cxd5 {[%clk 01:31:00]} {[%emt
00:00:32]} Nxd5 {[%clk 01:32:24]} {[%emt 00:00:11]} 7. Qc2 {[%clk 01:31:08]}
{[%emt 00:00:23]} c5 {[%clk 01:29:23]} {[%emt 00:03:31]} 8. e4 {[%clk
01:29:33]} {[%emt 00:02:05]} Nf6 {[%clk 01:28:03]} {[%emt 00:01:50]} 9. Bb5+
{[%emt 00:10:17]} Nbd7 {[%clk 01:26:15]} {[%emt 00:00:37]} 10. dxc5 {[%clk
01:16:24]} {[%emt 00:05:32]} Bxc5 {[%clk 01:25:56]} {[%emt 00:00:49]} 11. Bg5
{[%clk 01:10:32]} {[%emt 00:06:21]} a6 {[%clk 01:20:50]} {[%emt 00:05:37]} 12.
Be2 {[%clk 00:58:59]} {[%emt 00:12:03]} Qc7 {[%clk 01:19:37]} {[%emt 00:01:42]}
13. Rc1 {[%clk 00:51:49]} {[%emt 00:07:41]} Rc8 {[%clk 01:16:55]} {[%emt
00:03:13]} 14. O-O {[%clk 00:50:23]} {[%emt 00:01:55]} O-O {[%clk 01:15:34]}
{[%emt 00:01:51]} 15. Bd3 {[%clk 00:47:53]} {[%emt 00:02:59]} Ne5 {[%clk
01:12:09]} {[%emt 00:03:55]} 16. Qe2 {[%clk 00:42:24]} {[%emt 00:05:59]} Nxd3
{[%clk 01:08:27]} {[%emt 00:04:13]} 17. Qxd3 {[%clk 00:42:50]} {[%emt
00:00:04]} Rfd8 {[%clk 01:08:46]} {[%emt 00:00:12]} 18. Qe2 {[%clk 00:41:05]}
{[%emt 00:02:15]} h6 {[%clk 01:01:36]} {[%emt 00:07:39]} 19. Bxf6 {[%clk
00:34:23]} {[%emt 00:07:11]} gxf6 {[%clk 01:02:02]} {[%emt 00:00:05]} 20. b4
{[%clk 00:33:48]} {[%emt 00:01:05]} Bd6 {[%clk 00:57:41]} {[%emt 00:04:51]} 21.
g3 {[%clk 00:30:18]} {[%emt 00:03:59]} Qc4 {[%clk 00:51:01]} {[%emt 00:07:10]}
22. Qe3 {[%clk 00:28:44]} {[%emt 00:02:05]} Kg7 {[%clk 00:37:47]} {[%emt
00:13:44]} 23. Nd5 {[%clk 00:25:30]} {[%emt 00:03:44]} Qb5 {[%clk 00:35:52]}
{[%emt 00:02:25]} 24. Nd4 {[%clk 00:21:54]} {[%emt 00:04:05]} Qe8 {[%clk
00:36:13]} {[%emt 00:00:10]} 25. Nxb6 {[%clk 00:20:37]} {[%emt 00:01:47]} Rxc1
{[%clk 00:31:40]} {[%emt 00:05:03]} 26. Rxc1 {[%clk 00:20:51]} {[%emt
00:00:15]} Be5 {[%clk 00:32:02]} {[%emt 00:00:08]} 27. Nf3 {[%clk 00:20:15]}
{[%emt 00:01:07]} Bb2 {[%clk 00:29:52]} {[%emt 00:02:40]} 28. Rb1 {[%clk
00:19:39]} {[%emt 00:01:06]} Bxa3 {[%clk 00:17:30]} {[%emt 00:12:52]} 29. Nc4
{[%clk 00:19:22]} {[%emt 00:00:47]} Qc6 {[%clk 00:13:19]} {[%emt 00:04:41]} 30.
Nxa3 {[%clk 00:18:13]} {[%emt 00:01:39]} Qxe4 {[%clk 00:13:43]} {[%emt
00:00:06]} 31. Qxe4 {[%clk 00:17:45]} {[%emt 00:00:58]} Bxe4 {[%clk 00:14:10]}
{[%emt 00:00:03]} 32. Rb3 {[%clk 00:17:28]} {[%emt 00:00:47]} Rd1+ {[%clk
00:14:29]} {[%emt 00:00:11]} 33. Kg2 {[%clk 00:17:47]} {[%emt 00:00:11]} Rc1
{[%clk 00:14:36]} {[%emt 00:00:23]} 34. g4 {[%clk 00:15:42]} {[%emt 00:02:35]}
h5 {[%clk 00:11:50]} {[%emt 00:03:16]} 35. gxh5 {[%clk 00:15:26]} {[%emt
00:00:45]} Kh6 {[%clk 00:11:11]} {[%emt 00:01:10]} 36. b5 {[%clk 00:15:04]}
{[%emt 00:00:53]} axb5 {[%clk 00:10:48]} {[%emt 00:00:53]} 37. Nxb5 {[%clk
00:15:16]} {[%emt 00:00:18]} Kxh5 {[%clk 00:10:37]} {[%emt 00:00:40]} 38. Nc3
{[%clk 00:12:03]} {[%emt 00:03:42]} Bd3 {[%clk 00:08:50]} {[%emt 00:02:18]} 39.
Na2 {[%clk 00:06:08]} {[%emt 00:06:25]} Bf1+ {[%clk 00:08:30]} {[%emt
00:00:50]} 40. Kg3 {[%clk 00:06:12]} {[%emt 00:00:25]} Ra1 {[%clk 00:03:21]}
{[%emt 00:05:39]} 41. Nc3 {[%clk 00:05:41]} {[%emt 00:01:02]} Bd3 {[%clk
00:30:04]} {[%emt 00:03:47]} 42. h4 {[%clk 00:34:56]} {[%emt 00:01:14]} Rh1
{[%clk 00:26:10]} {[%emt 00:04:24]} 43. Rb8 {[%clk 00:33:45]} {[%emt 00:01:42]}
e5 {[%clk 00:16:52]} {[%emt 00:09:48]} 44. Nd5 {[%clk 00:33:02]} {[%emt
00:01:13]} Bf1 {[%clk 00:17:03]} {[%emt 00:00:19]} 45. Rh8+ {[%clk 00:28:04]}
{[%emt 00:05:27]} Kg6 {[%clk 00:17:09]} {[%emt 00:00:24]} 46. Rg8+ {[%clk
00:27:10]} {[%emt 00:01:24]} Kh6 {[%clk 00:16:35]} {[%emt 00:01:04]} 47. Nxf6
{[%clk 00:26:51]} {[%emt 00:00:50]} Rh3+ {[%clk 00:14:04]} {[%emt 00:03:01]} 48.
Kg4 {[%clk 00:27:00]} {[%emt 00:00:20]} Rh1 {[%clk 00:08:47]} {[%emt 00:05:47]}
49. Ng5 {[%clk 00:24:42]} {[%emt 00:02:49]} Bc4 {[%clk 00:08:11]} {[%emt
00:01:06]} 50. Kf5 {[%clk 00:22:23]} {[%emt 00:02:49]} Re1 {[%clk 00:05:09]}
{[%emt 00:03:32]} 51. Ng4+ {[%clk 00:21:35]} {[%emt 00:01:18]} Kh5 {[%clk
00:05:31]} {[%emt 00:00:08]} 52. Rh8 {[%clk 00:21:05]} {[%emt 00:00:20]} 1-0

[Event "Hoogeveen Open"]
[Site "Hoogeveen, Netherlands"]
[Date "2018.10.25"]
[Round "7.35"]
[White "Van Randtwijk, Mick"]
[Black "Biermann, Florian"]
[Result "0-1"]
[WhiteElo "1979"]
[BlackElo "2024"]

1. e4 {[%clk 01:30:30]} c5 {[%clk 01:30:30]} 2. Nf3 {[%clk 01:30:30]} d6 {[%clk
01:30:30]} 3. d4 {[%clk 01:30:30]} cxd4 {[%clk 01:30:30]} 4. Nxd4 {[%clk
01:30:30]} Nf6 {[%clk 01:30:30]} 5. Nc3 {[%clk 01:30:30]} a6 {[%clk 01:30:30]}
6. Be3 {[%clk 01:30:30]} e5 {[%clk 01:30:30]} 7. Nf3 {[%clk 01:30:30]} Qc7
{[%clk 01:30:30]} 8. a4 {[%clk 01:30:30]} Be7 {[%clk 01:30:30]} 9. a5 {[%clk
01:30:30]} Nbd7 {[%clk 01:30:30]} 10. Ra4 {[%clk 01:30:30]} b5 {[%clk
01:30:30]} 11. axb6 {[%clk 01:30:30]} Nxb6 {[%clk 01:30:30]} 12. Rb4 {[%clk
01:30:30]} Rb8 {[%clk 01:30:30]} 13. Qa1 {[%clk 01:30:30]} d5 {[%clk 01:30:30]}
14. Rxb6 {[%clk 01:30:30]} Rxb6 {[%clk 01:30:30]} 15. Bxb6 {[%clk 01:30:30]}
Qxb6 {[%clk 01:30:30]} 16. Nxd5 {[%clk 01:30:30]} Nxd5 {[%clk 01:30:30]} 17.
exd5 {[%clk 01:30:30]} Bc5 {[%clk 01:30:30]} 18. Qa4+ {[%clk 01:30:30]} Bd7
{[%clk 01:30:30]} 19. Qxa6 {[%clk 01:30:30]} Qxb2 {[%clk 01:30:30]} 20. Bd3
{[%clk 01:30:30]} Bb4+ {[%clk 01:30:30]} 21. Ke2 {[%clk 01:30:30]} O-O {[%clk
01:30:30]} 22. Qa1 {[%clk 01:30:30]} Qxa1 {[%clk 01:30:30]} 23. Rxa1 {[%clk
01:30:30]} e4 {[%clk 00:23:49]} {[%emt 26:16:03]} 24. Bxe4 {[%clk 00:36:35]}
{[%emt 00:08:39]} Re8 {[%clk 00:23:59]} {[%emt 00:00:19]} 25. Kd3 {[%clk
00:37:01]} {[%emt 00:00:04]} f5 {[%clk 00:23:54]} {[%emt 00:00:35]} 26. Bxf5
{[%clk 00:37:26]} {[%emt 00:00:05]} Bxf5+ {[%clk 00:24:20]} {[%emt 00:00:04]}
27. Kc4 {[%clk 00:37:50]} {[%emt 00:00:05]} Be7 {[%clk 00:20:35]} {[%emt
00:04:16]} 28. c3 {[%clk 00:36:17]} {[%emt 00:02:03]} Rc8+ {[%clk 00:17:49]}
{[%emt 00:03:16]} 29. Kb3 {[%clk 00:36:37]} {[%emt 00:00:10]} Bd3 {[%clk
00:14:40]} {[%emt 00:03:38]} 30. Rd1 {[%clk 00:29:06]} {[%emt 00:08:02]} Rb8+
{[%clk 00:13:29]} {[%emt 00:01:42]} 31. Ka2 {[%clk 00:29:29]} {[%emt 00:00:06]}
Bc4+ {[%clk 00:13:23]} {[%emt 00:00:35]} 32. Ka1 {[%clk 00:29:50]} {[%emt
00:00:10]} Bf6 {[%clk 00:13:37]} {[%emt 00:00:16]} 33. Nd4 {[%clk 00:29:44]}
{[%emt 00:00:36]} Bxd5 {[%clk 00:13:38]} {[%emt 00:00:29]} 0-1

[Event "Hoogeveen Open"]
[Site "Hoogeveen, Netherlands"]
[Date "2018.10.25"]
[Round "7.37"]
[White "Shakhverdian, William"]
[Black "Achuthan, Dylan"]
[Result "1/2-1/2"]
[WhiteElo "1903"]
[BlackElo "1751"]

1. d4 Nf6 2. c4 g6 3. Nc3 d5 4. cxd5 Nxd5 5. e4 Nxc3 6. bxc3 Bg7 7. Be3 c5 8.
Qd2 O-O 9. Nf3 cxd4 10. cxd4 {[%clk 01:30:30]} Nc6 {[%clk 01:30:30]} 11. h3
{[%emt 27:01:01]} b6 {[%clk 01:22:46]} {[%emt 00:01:58]} 12. Rc1 {[%clk
01:23:35]} {[%emt 00:02:48]} Bb7 {[%clk 01:22:30]} {[%emt 00:00:47]} 13. d5
{[%clk 01:21:45]} {[%emt 00:02:20]} Ne5 {[%clk 01:17:12]} {[%emt 00:05:47]} 14.
Nxe5 {[%clk 01:15:16]} {[%emt 00:06:59]} Bxe5 {[%clk 01:17:39]} {[%emt
00:00:03]} 15. Bc4 {[%clk 01:15:03]} {[%emt 00:00:43]} Rc8 {[%clk 01:17:18]}
{[%emt 00:00:52]} 16. O-O {[%clk 01:13:17]} {[%emt 00:02:15]} Qd7 {[%clk
01:08:06]} {[%emt 00:09:42]} 17. f4 {[%clk 01:10:02]} {[%emt 00:03:46]} Bg7
{[%clk 01:05:42]} {[%emt 00:02:53]} 18. Bb3 {[%clk 00:47:53]} {[%emt 00:22:39]}
Ba6 {[%clk 01:00:24]} {[%emt 00:05:49]} 19. Rxc8 {[%clk 00:44:42]} {[%emt
00:03:41]} Rxc8 {[%clk 01:00:05]} {[%emt 00:00:49]} 20. Rc1 {[%clk 00:43:45]}
{[%emt 00:01:28]} Kf8 {[%clk 00:48:15]} {[%emt 00:12:19]} 21. Rxc8+ {[%clk
00:40:56]} {[%emt 00:03:18]} Qxc8 {[%clk 00:47:50]} {[%emt 00:00:56]} 22. d6
{[%clk 00:36:49]} {[%emt 00:04:37]} Qd7 {[%clk 00:38:42]} {[%emt 00:09:37]} 23.
dxe7+ {[%emt 00:13:54]} Qxe7 {[%clk 00:36:14]} {[%emt 00:00:02]} 24. e5 {[%clk
00:26:37]} {[%emt 00:00:14]} Bc8 {[%clk 00:31:00]} {[%emt 00:05:44]} 25. a4
{[%clk 00:19:07]} {[%emt 00:08:01]} Kg8 {[%clk 00:22:11]} {[%emt 00:09:19]} 26.
a5 {[%clk 00:19:13]} {[%emt 00:00:23]} Be6 {[%clk 00:17:17]} {[%emt 00:05:24]}
27. Bxe6 {[%clk 00:16:04]} {[%emt 00:03:38]} Qxe6 {[%clk 00:15:53]} {[%emt
00:01:56]} 28. axb6 {[%clk 00:14:13]} {[%emt 00:02:22]} axb6 {[%clk 00:16:22]}
{[%emt 00:00:01]} 29. Qd8+ {[%clk 00:14:35]} {[%emt 00:00:07]} Bf8 {[%clk
00:16:51]} {[%emt 00:00:01]} 30. Bxb6 {[%clk 00:14:48]} {[%emt 00:00:17]} Qe7
{[%clk 00:17:14]} {[%emt 00:00:06]} 31. Qd4 {[%clk 00:13:54]} {[%emt 00:01:24]}
Qb4 {[%clk 00:16:26]} {[%emt 00:01:19]} 32. Qf2 {[%clk 00:14:17]} {[%emt
00:00:06]} Qb1+ {[%clk 00:14:48]} {[%emt 00:02:09]} 33. Kh2 {[%clk 00:14:38]}
{[%emt 00:00:07]} Qe4 {[%clk 00:14:46]} {[%emt 00:00:33]} 34. Qh4 {[%clk
00:12:45]} {[%emt 00:02:22]} Qf5 {[%clk 00:11:28]} {[%emt 00:03:49]} 35. Qf2
{[%clk 00:08:28]} {[%emt 00:04:46]} h5 {[%clk 00:10:23]} {[%emt 00:01:36]} 36.
Qf3 {[%clk 00:07:47]} {[%emt 00:01:11]} Bh6 {[%clk 00:06:22]} {[%emt 00:04:32]}
37. Be3 {[%clk 00:07:54]} {[%emt 00:00:22]} Qc2 {[%clk 00:06:20]} {[%emt
00:00:32]} 38. Qd5 {[%clk 00:00:41]} {[%emt 00:07:43]} Qf5 {[%clk 00:06:38]}
{[%emt 00:00:13]} 39. Qf3 {[%clk 00:00:45]} {[%emt 00:00:26]} Qc2 {[%clk
00:07:07]} {[%emt 00:00:02]} 40. Kg3 {[%clk 00:00:52]} {[%emt 00:00:23]} Qf5
{[%clk 00:06:47]} {[%emt 00:00:50]} 41. Bd2 {[%clk 00:30:00]} {[%emt 00:00:51]}
Qc2 {[%clk 00:33:22]} {[%emt 00:03:56]} 42. Qe3 {[%clk 00:29:22]} {[%emt
00:01:37]} Qf5 {[%clk 00:33:35]} {[%emt 00:00:19]} 43. Kh2 {[%clk 00:25:50]}
{[%emt 00:04:02]} Kh7 {[%clk 00:30:32]} {[%emt 00:03:32]} 44. g3 {[%clk
00:24:14]} {[%emt 00:02:05]} Kg8 {[%clk 00:29:14]} {[%emt 00:01:49]} 45. Qd4
{[%clk 00:22:23]} {[%emt 00:02:21]} Qc2 {[%clk 00:25:59]} {[%emt 00:03:46]} 46.
g4 {[%clk 00:20:12]} {[%emt 00:02:41]} hxg4 {[%clk 00:24:23]} {[%emt 00:02:06]}
47. hxg4 {[%clk 00:20:36]} {[%emt 00:00:05]} Qd1 {[%clk 00:23:21]} {[%emt
00:01:32]} 48. Kg3 {[%clk 00:20:52]} {[%emt 00:00:13]} Qb3+ {[%clk 00:21:48]}
{[%emt 00:02:05]} 49. Bc3 {[%clk 00:21:01]} {[%emt 00:00:20]} Bg7 {[%clk
00:20:22]} {[%emt 00:01:56]} 50. f5 {[%clk 00:17:06]} {[%emt 00:04:25]} gxf5
{[%clk 00:20:51]} {[%emt 00:00:01]} 51. gxf5 {[%clk 00:17:14]} {[%emt
00:00:23]} Qc2 {[%clk 00:21:19]} {[%emt 00:00:02]} 52. f6 {[%clk 00:14:16]}
{[%emt 00:03:27]} Qg6+ {[%clk 00:21:24]} {[%emt 00:00:26]} 53. Qg4 {[%clk
00:09:26]} {[%emt 00:05:20]} Qxg4+ {[%clk 00:20:10]} {[%emt 00:01:44]} 54. Kxg4
{[%clk 00:09:52]} {[%emt 00:00:03]} Bf8 {[%clk 00:19:11]} {[%emt 00:01:30]} 55.
Kf5 {[%emt 00:00:44]} Ba3 {[%clk 00:19:16]} 56. e6 {[%clk 00:04:36]} {[%emt
00:05:56]} fxe6+ {[%clk 00:19:45]} {[%emt 00:00:01]} 57. Kxe6 {[%clk 00:04:41]}
{[%emt 00:00:24]} Bf8 {[%clk 00:15:26]} {[%emt 00:04:50]} 58. f7+ {[%clk
00:02:26]} {[%emt 00:02:46]} Kh7 {[%clk 00:15:50]} {[%emt 00:00:06]} 59. Kd7
{[%clk 00:02:54]} {[%emt 00:00:02]} Bh6 {[%clk 00:14:31]} {[%emt 00:01:50]} 60.
Ke8 {[%clk 00:01:34]} {[%emt 00:01:49]} Kg6 {[%clk 00:14:29]} {[%emt 00:00:31]}
61. Be5 {[%clk 00:01:48]} {[%emt 00:00:16]} Kf5 {[%clk 00:13:53]} {[%emt
00:01:07]} 62. Bd6 {[%clk 00:02:07]} {[%emt 00:00:09]} Ke6 {[%clk 00:14:13]}
{[%emt 00:00:11]} 63. Bf8 {[%clk 00:02:26]} {[%emt 00:00:11]} Be3 {[%clk
00:14:13]} {[%emt 00:00:30]} 64. Ba3 {[%clk 00:01:55]} {[%emt 00:01:01]} Bh6
{[%clk 00:14:27]} {[%emt 00:00:17]} 65. Bb2 {[%clk 00:02:11]} {[%emt 00:00:14]}
Kd6 {[%clk 00:14:35]} {[%emt 00:00:22]} 66. Bc1 {[%clk 00:01:37]} {[%emt
00:01:04]} Bg7 {[%clk 00:14:59]} {[%emt 00:00:06]} 67. Bg5 {[%clk 00:00:43]}
{[%emt 00:01:22]} Ke6 {[%clk 00:14:30]} {[%emt 00:01:00]} 68. Be7 {[%clk
00:00:45]} {[%emt 00:00:28]} Bh6 {[%clk 00:14:59]} 69. Bf8 {[%clk 00:00:55]}
{[%emt 00:00:20]} Be3 {[%clk 00:15:28]} {[%emt 00:00:02]} 70. Bd6 {[%clk
00:00:39]} {[%emt 00:00:46]} Bh6 {[%clk 00:15:45]} {[%emt 00:00:13]} 71. Bb4
{[%clk 00:00:43]} {[%emt 00:00:25]} Bg7 {[%clk 00:15:04]} {[%emt 00:01:11]} 72.
Bc3 {[%clk 00:00:34]} {[%emt 00:00:39]} Bh6 {[%clk 00:15:26]} {[%emt 00:00:08]}
73. Bb2 {[%clk 00:00:46]} {[%emt 00:00:19]} Kd6 {[%clk 00:15:15]} {[%emt
00:00:41]} 74. Bc1 {[%clk 00:00:48]} {[%emt 00:00:27]} Bg7 {[%clk 00:15:40]}
{[%emt 00:00:05]} 75. Be3 {[%clk 00:00:43]} {[%emt 00:00:35]} Ke6 {[%clk
00:16:03]} {[%emt 00:00:08]} 76. Bg5 {[%clk 00:00:47]} {[%emt 00:00:26]} Kd6
{[%clk 00:15:56]} {[%emt 00:00:37]} 77. Be7+ {[%clk 00:00:48]} {[%emt
00:00:28]} Ke6 {[%clk 00:16:24]} {[%emt 00:00:03]} 78. Bf8 {[%clk 00:00:37]}
{[%emt 00:00:40]} Bd4 {[%clk 00:16:42]} {[%emt 00:00:12]} 79. Bh6 {[%clk
00:00:37]} {[%emt 00:00:30]} Bc5 {[%clk 00:17:00]} {[%emt 00:00:13]} 80. Be3
{[%clk 00:00:41]} {[%emt 00:00:25]} Bb4 {[%clk 00:17:11]} {[%emt 00:00:19]} 81.
Bd2 {[%clk 00:00:35]} {[%emt 00:00:37]} Bc5 {[%clk 00:17:35]} {[%emt 00:00:06]}
82. Bh6 {[%clk 00:00:41]} {[%emt 00:00:23]} Bb4 {[%clk 00:17:45]} {[%emt
00:00:21]} 83. Bf8 {[%clk 00:00:39]} {[%emt 00:00:31]} Bd2 {[%clk 00:17:47]}
{[%emt 00:00:29]} 84. Bb4 {[%clk 00:00:37]} {[%emt 00:00:32]} Bxb4 {[%clk
00:18:09]} {[%emt 00:00:08]} 1/2-1/2

[Event "Hoogeveen Open"]
[Site "Hoogeveen, Netherlands"]
[Date "2018.10.26"]
[Round "8.1"]
[White "Guseinov, Gadir"]
[Black "Warmerdam, Max"]
[Result "1/2-1/2"]
[WhiteElo "2667"]
[BlackElo "2417"]

1. e4 {[%clk 01:30:59]} e5 {[%clk 01:30:55]} {[%emt 00:00:05]} 2. Nf3 {[%clk
01:31:24]} {[%emt 00:00:04]} Nc6 {[%clk 01:31:21]} {[%emt 00:00:04]} 3. Bb5
{[%clk 01:31:48]} {[%emt 00:00:06]} a6 {[%clk 01:31:47]} {[%emt 00:00:04]} 4.
Bxc6 {[%clk 01:32:13]} {[%emt 00:00:06]} dxc6 {[%clk 01:32:13]} {[%emt
00:00:04]} 5. O-O {[%clk 01:32:37]} {[%emt 00:00:06]} Bg4 {[%clk 01:32:38]}
{[%emt 00:00:05]} 6. h3 {[%clk 01:33:02]} {[%emt 00:00:05]} h5 {[%clk
01:33:05]} {[%emt 00:00:03]} 7. d3 {[%clk 01:33:27]} {[%emt 00:00:06]} Qf6
{[%clk 01:33:30]} {[%emt 00:00:04]} 8. Nbd2 {[%clk 01:33:51]} {[%emt 00:00:06]}
Ne7 {[%clk 01:33:53]} {[%emt 00:00:06]} 9. Nc4 {[%clk 01:34:15]} {[%emt
00:00:06]} Bxf3 {[%clk 01:34:19]} {[%emt 00:00:04]} 10. Qxf3 {[%clk 01:34:40]}
{[%emt 00:00:05]} Qxf3 {[%clk 01:34:43]} {[%emt 00:00:05]} 11. gxf3 {[%clk
01:35:02]} {[%emt 00:00:08]} Ng6 {[%clk 01:35:10]} {[%emt 00:00:04]} 12. Rd1
{[%clk 01:35:27]} {[%emt 00:00:05]} c5 {[%clk 01:35:30]} {[%emt 00:00:10]} 13.
a4 {[%clk 01:35:37]} {[%emt 00:00:20]} b6 {[%clk 01:35:40]} {[%emt 00:00:20]}
14. Kf1 {[%clk 01:35:54]} {[%emt 00:00:13]} O-O-O {[%clk 01:35:26]} {[%emt
00:00:44]} 15. Ke2 {[%clk 01:35:58]} {[%emt 00:00:26]} Be7 {[%clk 01:33:38]}
{[%emt 00:02:18]} 16. Rg1 {[%clk 01:33:26]} {[%emt 00:03:01]} Rhg8 {[%clk
01:21:36]} {[%emt 00:12:32]} 17. Be3 {[%clk 01:01:01]} {[%emt 00:32:56]} Bf6
{[%clk 01:16:10]} {[%emt 00:05:56]} 18. a5 {[%clk 00:53:09]} {[%emt 00:08:23]}
b5 {[%clk 01:13:45]} {[%emt 00:02:53]} 19. Nd2 {[%clk 00:53:31]} {[%emt
00:00:09]} Nf4+ {[%clk 01:10:09]} {[%emt 00:04:06]} 20. Bxf4 {[%clk 00:53:54]}
{[%emt 00:00:07]} exf4 {[%clk 01:10:35]} {[%emt 00:00:04]} 21. c3 {[%clk
00:54:18]} {[%emt 00:00:06]} Rd7 {[%clk 01:02:06]} {[%emt 00:08:58]} 22. Nb3
{[%clk 00:54:28]} {[%emt 00:00:21]} Be7 {[%clk 01:01:57]} {[%emt 00:00:39]} 23.
d4 {[%clk 00:54:17]} {[%emt 00:00:41]} c4 {[%clk 00:54:15]} {[%emt 00:08:12]}
24. Nd2 {[%clk 00:54:27]} {[%emt 00:00:21]} c5 {[%clk 00:51:46]} {[%emt
00:02:58]} 25. d5 {[%clk 00:54:40]} {[%emt 00:00:17]} g6 {[%clk 00:44:27]}
{[%emt 00:07:49]} 26. b3 {[%clk 00:54:33]} {[%emt 00:00:38]} cxb3 {[%clk
00:43:35]} {[%emt 00:01:21]} 27. Nxb3 {[%clk 00:54:59]} {[%emt 00:00:05]} c4
{[%clk 00:43:35]} {[%emt 00:00:29]} 28. Nc1 {[%clk 00:47:51]} {[%emt 00:07:39]}
Bd6 {[%clk 00:39:18]} {[%emt 00:04:47]} 29. Na2 {[%clk 00:45:31]} {[%emt
00:02:50]} f6 {[%clk 00:38:31]} {[%emt 00:01:16]} 30. h4 {[%clk 00:42:38]}
{[%emt 00:03:23]} Rdg7 {[%clk 00:37:11]} {[%emt 00:01:50]} 31. Rh1 {[%clk
00:40:51]} {[%emt 00:02:17]} Kd7 {[%clk 00:37:12]} {[%emt 00:00:30]} 32. Kd2
{[%clk 00:41:14]} {[%emt 00:00:08]} Ke7 {[%clk 00:37:00]} {[%emt 00:00:41]} 33.
Rh2 {[%clk 00:38:42]} {[%emt 00:03:02]} Kd7 {[%clk 00:35:07]} {[%emt 00:02:23]}
34. Rb1 {[%clk 00:33:45]} {[%emt 00:05:27]} Rb8 {[%clk 00:33:53]} {[%emt
00:01:43]} 35. Kc2 {[%clk 00:32:28]} {[%emt 00:01:47]} Rgg8 {[%clk 00:33:10]}
{[%emt 00:01:12]} 36. Rg2 {[%clk 00:31:28]} {[%emt 00:01:32]} Rg7 {[%clk
00:33:14]} {[%emt 00:00:25]} 37. Rd1 {[%clk 00:31:13]} {[%emt 00:00:44]} Rd8
{[%clk 00:32:11]} {[%emt 00:01:34]} 38. Kd2 {[%clk 00:30:30]} {[%emt 00:01:14]}
Ke7 {[%clk 00:26:55]} {[%emt 00:05:46]} 39. Kc2 {[%clk 00:30:00]} {[%emt
00:01:00]} Kd7 {[%clk 00:27:16]} {[%emt 00:00:09]} 40. Rh2 {[%clk 00:29:31]}
{[%emt 00:00:58]} Rgg8 {[%clk 00:27:17]} {[%emt 00:00:29]} 41. Rb1 {[%clk
00:29:22]} {[%emt 00:00:39]} Rb8 {[%clk 00:27:29]} {[%emt 00:00:18]} 42. Rg2
{[%clk 00:24:07]} {[%emt 00:05:45]} Rg7 {[%clk 00:27:22]} {[%emt 00:00:37]} 43.
Nc1 {[%clk 00:24:24]} {[%emt 00:00:13]} Be5 {[%clk 00:26:13]} {[%emt 00:01:39]}
44. Ne2 {[%clk 00:23:50]} {[%emt 00:01:04]} Kd6 {[%clk 00:22:59]} {[%emt
00:03:44]} 45. Nc1 {[%clk 00:23:13]} {[%emt 00:01:08]} Kd7 {[%clk 00:23:12]}
{[%emt 00:00:16]} 46. Na2 {[%clk 00:23:24]} {[%emt 00:00:19]} 1/2-1/2